000 00677nam a2200205 a 4500
001 000040142
005 20201002033937.0
008 130808s1990 xxuac r 000 0 spa d
020 _a0070494215
040 _aDO-SdBNP
_bspa
_cBNPHU
082 _axxxx
_bxxxx
245 0 0 _aThe american tradition in literature /
_ceditores George Perkins, Barbara Perkins.
250 _a9a ed.
260 _aBoston, Estados Unidos :
_bMcgraw-Hill Collage,
_c1990.
300 _av. :
_bil., retrs. ;
_c24 cm.
500 _aIncluye referencias bibliográficas y índices
590 _aInventariado, 2019/BT
700 1 _aPerkins, George,
_eed.
_966414
700 1 _aPerkins, Barbara,
_eed.
_966415
999 _c39632
_d39632